Payment of adjudication costs (Record no. 75858)

MARC details
000 -LEADER
fixed length control field 01295cab a2200217 4500
001 - CONTROL NUMBER
control field L130876
008 - FIXED-LENGTH DATA ELEMENTS--GENERAL INFORMATION
fixed length control field 050912n2005 000 0 eng u
035 ## - SYSTEM CONTROL NUMBER
System control number (Sirsi) u130876
041 0# - LANGUAGE CODE
Language code of text/sound track or separate title eng
100 1# - MAIN ENTRY--PERSONAL NAME
Personal name Brewer, Geoff
245 00 - TITLE STATEMENT
Title Payment of adjudication costs
260 ## - PUBLICATION, DISTRIBUTION, ETC.
Date of publication, distribution, etc. 2005
490 #0 - SERIES STATEMENT
Series statement Contract Journal
Volume/sequential designation 430(6540) 1 September 2005, 30(1)
520 ## - SUMMARY, ETC.
Summary, etc. Discusses the case "John Roberts Architects Ltd v Parkcare Homes (No 2) Ltd" ([2005] EWHC 1637 (TCC) unreported) over the payment of parties' costs in the event of a discontinued adjudication. It was decided that since the adjudicator did not make a decision on the matters set out in the notice of the adjudication, he had no jurisdiction to decide the parties' liability for costs. The implication is that the parties' adjudication costs are not recoverable except to the extent that the parties expressly agree.
590 ## - LOCAL NOTE (RLIN)
Local note IKA130905
650 24 - SUBJECT ADDED ENTRY--TOPICAL TERM
Topical term or geographic name entry element JOHN ROBERTS ARCHITECTS V PARKCARE HOMES (NO 2)
650 24 - SUBJECT ADDED ENTRY--TOPICAL TERM
Topical term or geographic name entry element HOUSING GRANTS, CONSTRUCTION AND REGENERATION ACT 1996
650 24 - SUBJECT ADDED ENTRY--TOPICAL TERM
Topical term or geographic name entry element SCHEME FOR CONSTRUCTION CONTRACTS
690 ## - LOCAL SUBJECT ADDED ENTRY--TOPICAL TERM (OCLC, RLIN)
Topical term or geographic name as entry element MANAGEMENT-DISPUTE AVOIDANCE, MANAGEMENT AND RESOLUTION-DISPUTE MANAGEMENT AND RESOLUTION-ALTERNATIVE DISPUTE RESOLUTION-ADJUDICATION-ADJUDICATORS-ADJUDICATORS' JURISDICTION
942 ## - ADDED ENTRY ELEMENTS (KOHA)
Suppress in OPAC 0
Holdings
Withdrawn status Lost status Source of classification or shelving scheme Damaged status Not for loan Home library Current library Shelving location Date acquired Total Checkouts Full call number Barcode Date last seen Copy number Price effective from Koha item type
    Dewey Decimal Classification     London London Journal article 12/09/2005   L130876 130876-1001 06/08/2019 1 06/08/2019 Journal article